Εγχειρίδιον ορολογίας και ταξινομήσεως της νοητικής καθυστερήσεως
Αποθηκεύτηκε σε:
| Κύριος συγγραφέας: | |
|---|---|
| Άλλοι συγγραφείς: | |
| Μορφή: | Βιβλίο |
| Γλώσσα: | Greek English |
| Θέματα: | |
| Ετικέτες: |
Προσθήκη ετικέτας
Δεν υπάρχουν, Καταχωρήστε ετικέτα πρώτοι!
|
MARC
| LEADER | 00000cam a2200000 i 4500 | ||
|---|---|---|---|
| 001 | 1/90725 | ||
| 008 | 080708s1973 gr | ||| |||| ||gre|| | ||
| 035 | |l 10098814 | ||
| 040 | |a GR-MY-UA |b gre |e aacr | ||
| 041 | 1 | |a gre |h eng | |
| 082 | 7 | |a 616.85880012 |2 (22) | |
| 100 | 1 | |a Grossman, Herbert J. | |
| 245 | 1 | 0 | |a Εγχειρίδιον ορολογίας και ταξινομήσεως της νοητικής καθυστερήσεως / |c Herber J. Grossman ; [εισαγωγή και απόδοσις εις την ελληνικήν υπό Κωνσταντίνου Ιωαν. Τσιμπούκη]. |
| 500 | |a Ημερομηνία εξωφύλλου: 1974. | ||
| 500 | |a Αναθεωρημένη έκδοσις 1973, ειδική έκδοσις αρ.2. | ||
| 500 | |a Τίτλος πρωτοτύπου: Manual on terminology and classification in mental retardation. | ||
| 650 | 0 | 0 | |a Mental retardation |x Classification. |
| 650 | 0 | 0 | |a Mental retardation |x Terminology. |
| 700 | 1 | |a Τσιμπούκης, Κωνσταντίνος Ι., |d 1934- |e trl |e aui | |
| 852 | |a INST |b RHODES |c AKA |e 20080708 |h 616.85880012 GRO |p 005400027770 |q 005400027770 |t BK |y 0 | ||
| 901 | |a BIBL4-2008-2 | ||
| 909 | |a Ρ |b 150757 | ||
| 970 | |a ΚΟΖΑ |b ΜΑΡΙΑ |z 2008/07/08 | ||